IBC code : international code for the construction and equipment of ships carrying dangerous chemical in bulk : with standards and guidelines relevant to the code (Record no. 3344)

000 -LEADER
fixed length control field 00455nam a2200145Ia 4500
008 - FIXED-LENGTH DATA ELEMENTS--GENERAL INFORMATION
fixed length control field 200103s9999||||xx |||||||||||||| ||und||
020 ## - INTERNATIONAL STANDARD BOOK NUMBER
International Standard Book Number 9789280142266
082 ## - DEWEY DECIMAL CLASSIFICATION NUMBER
Classification number Column-5
100 ## - MAIN ENTRY--PERSONAL NAME
Personal name IMO
245 #0 - TITLE STATEMENT
Title IBC code : international code for the construction and equipment of ships carrying dangerous chemical in bulk : with standards and guidelines relevant to the code
260 ## - PUBLICATION, DISTRIBUTION, ETC. (IMPRINT)
Name of publisher, distributor, etc IMO
Date of publication, distribution, etc 2007
300 ## - PHYSICAL DESCRIPTION
Extent viii, 259
942 ## - ADDED ENTRY ELEMENTS (KOHA)
Item type Books
Holdings
Withdrawn status Lost status Source of classification or shelving scheme Damaged status Not for loan Permanent location Current location Date acquired Total Checkouts Total Renewals Barcode Date last seen Date last borrowed Koha item type Public note
          IMU-MPC Library IMU-MPC Library 2020-01-08 2 2 LBS12734 2025-10-23 2025-09-18 Books IMO SHELF
Copyright © 2021 Indian Maritime University, Mumbai Port Campus. All Rights Reserved. Managed & Maintained by Central Library, IMU-Mumbai

webs counters

Powered by Koha